000 00195 a2200097 4500
001 10469
100 _aFileming, P
245 _aInvasion 1940
260 _a
_bHart Davis
_c
090 _c8089
_d8089
942 _aNUST-CAE
_cM
_c34810
999 _c245542
_d245542